ბათუმის შოთა რუსთაველის სახელმწიფო უნივერსიტეტის ბიბლიოთეკა

Вестник дверней истории. №4(287).2013. (ბიბ.ჩანაწერი № 42206)

000 -LEADER
fixed length control field 00552nam a2200193Ia 4500
001 - CONTROL NUMBER
control field 8899
003 - CONTROL NUMBER IDENTIFIER
control field GE_BSU
008 - FIXED-LENGTH DATA ELEMENTS--GENERAL INFORMATION
fixed length control field 181216s||||||||xx |||||||||||||| ||und||
040 ## - CATALOGING SOURCE
Transcribing agency GE_BSU
245 ## - TITLE STATEMENT
Title Вестник дверней истории. №4(287).2013.
245 ## - TITLE STATEMENT
Remainder of title Октябрь-Ноябрь-Декабрь
245 ## - TITLE STATEMENT
Statement of responsibility, etc. Гл.ред.А.И.Иванчик и др.
260 ## - PUBLICATION, DISTRIBUTION, ETC.
Place of publication, distribution, etc. Москва
260 ## - PUBLICATION, DISTRIBUTION, ETC.
Name of publisher, distributor, etc. Наука
260 ## - PUBLICATION, DISTRIBUTION, ETC.
Date of publication, distribution, etc. 2013
300 ## - PHYSICAL DESCRIPTION
Extent 256ст;24см.
653 ## - INDEX TERM--UNCONTROLLED
Uncontrolled term Вестник дверней истории.
942 ## - ADDED ENTRY ELEMENTS (KOHA)
Koha item type პერიოდიკა
ეგზემპლარები
Withdrawn status Lost status Damaged status Not for loan Date acquired Barcode Date last seen Price effective from Koha item type
        2018-12-17 p76103 2018-12-17 2018-12-17 პერიოდიკა